WHERE IS MY HUSBAND! - RAYE - All Lyrics - Statistics

General Stats
  • This quiz has been taken 227 times
    33 since last reset
  • The average score is 533 of 663
Answer Stats
Answer % Correct
a
100%
(Ah)
100%
He
100%
he
100%
(He
100%
huh-huh,
100%
husband?
100%
husband
100%
I
100%
is
100%
Is
100%
(Is
100%
mm,
100%
mm
100%
mm-mm-mm
100%
my
100%
Oh,
100%
oh
100%
(Oh)
100%
uh
100%
Uh,
100%
uh,
100%
uh-huh,
100%
uh-huh
100%
Uh-uh,
100%
uh-uh-uh,
100%
where
100%
Where
100%
(Woo)
100%
(Woo-hoo),
100%
(Woo-hoo)
100%
(Woo-hoo,
100%
Baby
96%
baby,
96%
baby
96%
(Baby),
96%
Baby,
96%
do,
96%
find
96%
long
96%
me?
96%
me
96%
me)
96%
me,
96%
so
96%
to
96%
another?
92%
hell
92%
love
92%
on
92%
ring,
92%
ring
92%
Tell
92%
tell
92%
(Tell
92%
the
92%
T-t-t-tell
92%
Wait
92%
yeah)
92%
down
88%
get
88%
him
88%
him,
88%
him)
88%
like
88%
lover?
88%
What
88%
with
88%
ya,
88%
ya
88%
you
88%
diamond
85%
Diamond
85%
man
85%
no
85%
takin'
85%
taking
85%
wedding
85%
a.m.
81%
And
81%
and
81%
be
81%
finger
81%
for
81%
For
81%
Getting
81%
getting
81%
it
81%
it,
81%
it?
81%
if
77%
I'm
77%
I'ma
77%
need
77%
see
77%
testing
77%
would
77%
Help
73%
help
73%
(Help
73%
Lord
73%
okay?
73%
okay?)
73%
should
73%
that
73%
That
73%
this
73%
This
73%
your
73%
"Your
73%
shiny
69%
when
69%
beautiful
65%
big
65%
brown
65%
coming"
65%
eyes
65%
talk,
65%
talk
65%
about
62%
around
62%
away?
62%
away?)
62%
'bout
62%
can
62%
wave
62%
got
58%
must
58%
of
58%
patience?
58%
want
58%
2
54%
Completely
54%
(Completely)
54%
could
54%
far
54%
grandma
54%
how
54%
How
54%
waitin',
54%
waiting
54%
Why
54%
5'5"
50%
already
50%
heart
50%
here,
50%
his
50%
I've
50%
kind,
50%
up
50%
at
46%
day
46%
doubt
46%
living
46%
old?
46%
tired
46%
(Yes),
46%
ever
42%
hello?
42%
hurry,
42%
hurry
42%
(Hurry
42%
said
42%
till
42%
Until
42%
been
38%
forgive
38%
hands
38%
holler
38%
other
38%
Prayin'
38%
yearns
38%
acrobatics,
35%
doesn't
35%
dress
35%
give
35%
goin',
35%
lovin'
35%
now
35%
there
35%
time
35%
wife
35%
women
35%
ain't
31%
alone,
31%
anticipatin'
31%
arms
31%
death,
31%
die
31%
doing
31%
God,
31%
gonna
31%
much
31%
only
31%
tie
31%
fear
27%
growing
27%
kept
27%
off
27%
one
27%
too
27%
unzipping
27%
While
27%
along
23%
applications
23%
fix
23%
lonely
23%
out
23%
ready,
23%
reviewin'
23%
above
19%
tryna
19%
intend
15%
rush
15%
turn
15%
despite
12%
sir)
12%
frustrations
8%
No matching quizzes found
Score Distribution
Percent of People with Each Score
Percentile by Number Answered
Your Score History
You have not taken this quiz since the last reset